000 00324nam a2200145Ia 4500
100 _aBrink & Czernik/ Horve
942 _cRB
654 _afluid sealing
245 _aHand Book Of Fluid Sealing
260 _bMc Graw Hill
_aNew York
_c1993
082 _a621.885
_bBRI
300 _a170
546 _aENGLISH
999 _c31167
_d31167